000
00220nam a22000857a 4500
008
161111b xxu||||| |||| 00| 0 eng d
100
_9
1150
_a
kilaka. j
245
_a
good friends
260
_a
new delhi
_b
national book trust
_c
2007
999
_c
3810
_d
3810